| 000 | 00543nam a2200169 i 4500 | ||
|---|---|---|---|
| 001 | 112704 | ||
| 003 | ES-MaACL | ||
| 005 | 20230906185610.0 | ||
| 007 | t| | ||
| 008 | 061121s1963 sp a r ||||1| spa d | ||
| 080 | _a929 Nieto de Molina, Enrique | ||
| 100 | 1 |
_aNieto de Molina, Enrique. _985685 |
|
| 245 | 1 | 0 |
_aAlfonso XIII, La Reina, Canalejas y yo _b: compendio de mis bodas de oro / _cEnrique Nieto de Molina. |
| 260 |
_aBarcelona : _b[s.n.], _c1963 ( _fImp. A. Alen) |
||
| 300 |
_a95 p. : _bil. ; _c21 cm. |
||
| 852 |
_aES-MaACL _jC-24635 |
||
| 999 |
_c112704 _d112704 |
||